000 00225nam a22000857a 4500
008 160908b xxu||||| |||| 00| 0 eng d
100 _9335
_aSingh L
245 _aAwareness Science-VI
260 _aNew Delhi
_bS.Chand publication
_c2011
999 _c2995
_d2995